000 00569nam a2200193Ia 4500
005 20250508165324.0
008 008 250505s9999 xx 000 0 hin d
037 _aDissertations
040 _aFEDL
_beng
_cFEDL
041 _ahin
_2eng
084 _a370.32, SON/DI
_qFEDL
100 _aSonia
245 0 _aVidyalayee paristhitiyon mein baal adhikaron ka kriyanvayan: Avloknatmak adhyayan
260 _c2013
300 _a200p.
546 _aM. Phil Dissertation (Delhi University)
942 _cDIS
_h370.32, SON/DI
999 _c1394451
_d1394451